| 000 | 00785nam a2200241Ia 4500 | ||
|---|---|---|---|
| 003 | IN-BaIIA | ||
| 008 | 211028s9999 xx 000 0 eng d | ||
| 040 | _cIIA Library | ||
| 080 |
_a083.8:52-76 _bSCH |
||
| 100 |
_aSchmitz, M. _913023 |
||
| 245 | 0 |
_aMerged infrared catalogue _cM. Schmitz…[et al.] |
|
| 260 |
_aMaryland _bGoddard Space Flight Centre _c1978 |
||
| 300 | _ax, 323p. | ||
| 490 | _aNASA technical memorandum; 79683 | ||
| 500 | _aDonated by Mrs. Bappu | ||
| 650 | _aAstronomy and Astrophysics Thesaurus | ||
| 650 |
_aCatalogue-Merged Infrared _913024 |
||
| 650 |
_aMerged infrared catalogue _913025 |
||
| 700 |
_aBrown, L. W. _913026 |
||
| 700 |
_aMead, J. M. _913027 |
||
| 700 |
_aNagy, T. A. _913028 |
||
| 942 | _cBK | ||
| 999 |
_c7703 _d7703 |
||